| 000 | 00478nam a22001817a 4500 | ||
|---|---|---|---|
| 003 | NUST - PNEC | ||
| 005 | 20170116180807.0 | ||
| 008 | 150423b xxu||||| |||| 00| 0 eng d | ||
| 020 | _a0080311687 | ||
| 040 | _cLIBRARY | ||
| 082 | _a355 RUS | ||
| 100 |
_93109 _aRUSI |
||
| 245 |
_aR. U. S. I. and Brassey's Defence Year Book _cRUSI |
||
| 260 |
_aLondon : _bBrassey's Defence Publishers ; _cc1985. |
||
| 300 | _a381 p. : | ||
| 650 |
_93110 _aArmy _xGeneral |
||
| 942 |
_2ddc _cBK |
||
| 999 |
_c63251 _d63251 |
||